MDQL
is popping MORE tags! Check the
thread
!
Quizzes
Events
Quiz Creation
Community
Videos
Private Events
Remove Ads
Sign In
Join for FREE
Feedback
Dark Mode
Quiz Categories
Sports
Geography
Music
Movies
Television
Just For Fun
Miscellaneous
History
Literature
Language
Science
Gaming
Entertainment
Religion
Holiday
For Kids
Quiz Lab
Recent
Popular Today
Quiz Kudos Today
Editor Picks
Curator Picks
Quizzes by...
Day
Popularity
Type
Ratings
Length
Year
Community
Subscriptions
Recent Discussions
Orange Saloon
Badges
Playlists
Quests
Create
Leaderboards
Showdown
Live 5
Trivia Bingo
Activity
Puzzle Library
Sporcle Events
Private Events
Virtual Trivia
Globe League
Become a Host
Pub Owners
SporcleCon
Opinionation
Our Games
Videos
Blog
Mobile Apps
Partnerships
Remove Ads and Go Orange
Feedback
Just For Fun
Clickable
Get the Picture
Humor
Quick Pick
Word Ladder
Missing Word
Mixed Word
Blitz
Minefield
This or That
Alphabet
Color
Typing
Sporcle
Puzzle
Word Play
Follow That Line
Logic
Just For Fun
Clickable
Get the Picture
Humor
Quick Pick
Word Ladder
Missing Word
Mixed Word
Blitz
Minefield
This or That
Alphabet
Color
Typing
Sporcle
Puzzle
Word Play
Follow That Line
Logic
Random Quiz
Search Sporcle
×
Quiz Lab
Quiz Lab
Just For Fun
Word Ladder
Type in answers that appear in a list
Type in answers that appear in a list
Classic
Best Score? Go Orange.
Four Letter Word Ladder Stats
Can you name the Four Letter Word Ladder?
By
BLUESPICYCUSHY
3m
20 Questions
44 Plays
44 Plays
44 Plays
Comments
Comments
Give Quiz Kudos
Give Quiz Kudos
-
- Ratings
hide this ad
Forced Order
Answers have to be entered in order
Answers have to be entered in order
Replay
Link that replays current quiz
Next Quiz
Link to next quiz in quiz playlist
You Got
0%
They Got
Avg Score
88%
Avg Friend Score
Upgrade to see
Score Distribution
Jump to the score distribution portion of the page
Score
0/20
Timer
03:00
0
Plays Today
Hint
Answer
% Correct
_
_
_
_
to riches
RAGS
100%
Group of musicians
BAND
97.7%
Not crazy
SANE
97.7%
A plant/
wise man
SAGE
97.7%
Anger
RAGE
95.3%
Leader of Catholic church
POPE
95.3%
Slang for 'no'
NOPE
95.3%
A drug
DOPE
95.3%
Financial building
BANK
95.3%
Not polite
RUDE
90.7%
Hint
Answer
% Correct
Type of bed
BUNK
90.7%
Something causing death
BANE
88.4%
Tears
RIPS
88.4%
Fully developed
RIPE
86%
To trick
DUPE
83.7%
Slang for 'man'
DUDE
83.7%
Transports water
PIPE
79.1%
What a poet does to a beat
RAPS
74.4%
What a mother does
NAGS
72.1%
What a baby does
NAPS
62.8%
Quiz Playlist
Details
Report
Send in Message
Add To Playlist
Classic:
Type in answers that appear in a list
Forced Order:
Answers have to be entered in order
Last Updated: Feb 16, 2017
Quiz Scoreboard
CHALLENGE
Sign Up to Join the Scoreboard
Show All
Scores
Hide
Comments
May contain spoilers
Recently Published
Colored Red Africa Blitz
by spor1
Geography
30s
Find the 'City' Movie
by crazypaving
Movies
60s
5x2 Blitz: Bands
by SL_Kpop136
Music
30s
More to Explore
Quiz From the Vault
Featured Blog Post
14 Easter Pick-up Lines to Find Eggs With
hide this ad
You Might Also Like...
Tags
Word Ladder Quiz
4-letter
Today's Top Quizzes in Just For Fun
Browse Just For Fun
hide this ad
Today's Top Quizzes in Word Ladder
Browse Word Ladder
Top Contributed Quizzes in Just For Fun
1
Name Just One - 10 to 1: Just For Fun
2
Survivor Winners Logic Puzzle
3
Missing Word: 2-Letter A-Z II
4
Avatar the Last Airbender: Logic Puzzle
5
Shadowhunters Protagonists Logic Quiz
6
Quick 5-Color Logic (18)
7
Medium Renzoku Puzzle 11
8
Ultimate Minefield Blitz VIII
9
Ice Cream Logic Puzzle
10
Ultimate Minefield Blitz XXVIII
Explore More
Trending Topics
Anime
Harry Potter
Disney
NBA
Marvel
Kpop
Crossword
Soccer
WWE
Puzzle
Country
The Office
Song
Pokémon
NFL
hide this ad
More By:
BLUESPICYCUSHY
Quiz
Plays
Rating
Category
Featured
Created
Modern Family
2,997
3.00
Television
Jun 30, 2012
Glee Characters
1,146
2.17
Television
Jul 10, 2012
Holidays: Which Month?
240
3.17
Holiday
Aug 25, 2013
4 Letter Word Ladder
105
5.00
Just For Fun
Jul 10, 2012
Can you name a main character in...
46
2.67
Just For Fun
Aug 20, 2012
Go to Creator's Profile
Score Distribution
Quiz Creator Spotlight
BLUESPICYCUSHY
Follow
Send a Message
Quizzes Created
-
Created Quiz Play Count
-
More By This Creator
Popular Quizzes Today
1
Find the 'City' Movie
2
5x2 Blitz: Bands
3
Colored Red Africa Blitz
4
Find the US States - No Outlines Minefield
5
The Countries of the World
6
Find the US States
7
9x9 Crossword: Cartoon Network
8
US States
More Just For Fun Quizzes
Missing Word: TV GA - GZ
Published
Trending Quizzes
Colored Red Europe Blitz I
Colored Red Africa Blitz II
Colored Red Africa Blitz III
Colored Red Europe Blitz III
Colored Red Europe Blitz II
Recently Updated
Champions League XIs: Real Madrid
pecheneg
Largest US Cities 1790-2010
pecheneg
Rides in Walt Disney World
pecheneg
Most Oscar Losses (Acting)
pecheneg
Beyoncé Albums
pecheneg
Leaping Animals
pecheneg
Reality TV Shows (A-Z)
bhenderson79
Rickey Henderson's Hall of Fame Teammates
pecheneg
Champions League XIs: Arsenal
pecheneg
Quick Pick: Celebrities in WWE's Hall of Fame
aduchscher
Trending Topics
NBA
Disney
Crossword
Harry Potter
Marvel
Anime
Kpop
The Office
WWE
Soccer
Song
Pokémon
NFL
Puzzle
Country
Your Account Isn't Verified!
In order to create a playlist on Sporcle, you need to verify the email address you used during registration. Go to your
Sporcle Settings
to finish the process.
Report this User
Report this user for behavior that violates our
Community Guidelines
.
Details:
Send Report
Go to the Sporcle.com Mobile Site →
Comments